000 00570nam a2200205Ia 4500
001 13246
003 GE_BSU
008 181216s||||||||xx |||||||||||||| ||und||
040 _cGE_BSU
080 _a581.7(075.32)
100 _aВарасова,Н.Н.
245 _aФизиология растении
245 _cПод.ред.В.В.Аникиева. Ред.Т.Я.Кочегурова
260 _aЛенинград
260 _bКолос
260 _c1969
300 _a224стр.20см.
653 _aФизиология растении
942 _cBK
999 _c46410
_d46410